书目信息 |
| 题名: |
短线点金
|
|
| 作者: | 徐文明 著 | |
| 分册: | 三 道破股价涨跌之玄机 | |
| 出版信息: | 上海 上海财经大学出版社 2008.07 |
|
| 页数: | 155页 | |
| 开本: | 25cm | |
| 丛书名: | ||
| 单 册: | ||
| 中图分类: | F830.91 | |
| 科图分类: | ||
| 主题词: | 股票--gu piao--证券交易--基本知识 | |
| 电子资源: | ||
| ISBN: | 978-7-5642-0277-4 | |
| 000 | 00881nam0 2200241 450 | |
| 001 | 012009905385 | |
| 005 | 20091128141234.48 | |
| 010 | @a978-7-5642-0277-4@dCNY26.00 | |
| 100 | @a20091128d2008 em y0chiy0120 ea | |
| 101 | 0 | @achi |
| 102 | @aCN@b310000 | |
| 105 | @aa z 000yy | |
| 106 | @ar | |
| 200 | 1 | @a短线点金@Aduan xian dian jin@h三@i道破股价涨跌之玄机@f徐文明著@Fxu wen ming zhu |
| 210 | @a上海@c上海财经大学出版社@d2008.07 | |
| 215 | @a155页@c图@d25cm | |
| 330 | @a本书共7章,内容包括:趋势为王——EXPMA的使用技巧、虚晃一枪——瞬间涨跌停有玄机、短线利器——中线短打操作技巧、双剑合一——探索股价下跌之谜等 。 | |
| 517 | 1 | @a道破股价涨跌之玄机@Adao po gu jia zhang die zhi xuan ji |
| 606 | 0 | @a股票@Agu piao@x证券交易@x基本知识 |
| 690 | @aF830.91@v4 | |
| 701 | 0 | @a徐文明@Axu wen ming@4著 |
| 801 | 0 | @aCN@bQSSK@c20091128 |
| 905 | @b767519-21@dF830.91@eX814:3@f3 | |
| 短线点金.三.道破股价涨跌之玄机/徐文明著.-上海:上海财经大学出版社,2008.07 |
| 155页:图;25cm |
| ISBN 978-7-5642-0277-4:CNY26.00 |
| 本书共7章,内容包括:趋势为王——EXPMA的使用技巧、虚晃一枪——瞬间涨跌停有玄机、短线利器——中线短打操作技巧、双剑合一——探索股价下跌之谜等 。 |
| ● |
| 相关链接 |
|
|
|
正题名:短线点金
索取号:F830.91/X814:3
 
预约/预借
| 序号 | 登录号 | 条形码 | 馆藏地/架位号 | 状态 | 备注 |
| 1 | 767519 | 207675194 | 社科库409/409社科库 53排5列1层/ [索取号:F830.91/X814:3] | 在馆 | |
| 2 | 767520 | 207675201 | 社科库409/409社科库 105排2列5层/ [索取号:F830.91/X814:3] | 在馆 | |
| 3 | 767521 | 207675210 | 社科二线422/409社科库 105排2列5层/ [索取号:F830.91/X814:3] | 在馆 |